| 000 | 00792cam a22002411 4500 | ||
|---|---|---|---|
| 001 | e 35000219 | ||
| 003 | DLC | ||
| 005 | 20260227111225.0 | ||
| 008 | 881103s1935 kyu s000 0 eng c | ||
| 010 | _ae 35000219 | ||
| 035 | _a(OCoLC)18704463 | ||
| 040 |
_aU.S. Off. of Educ. Library _cMsU _dDLC |
||
| 042 | _apremarc | ||
| 050 | 0 | 0 |
_aL152 _b.B35 vol. 3, no. 6 |
| 110 | 1 |
_aKentucky. _bDepartment of Education. |
|
| 245 | 1 | 0 | _aManual of organization of instruction in the elementary grades. |
| 260 |
_aFrankfort, Ky., _bDept. of Education _c[1935] |
||
| 300 |
_a53, [2] p. _c23 cm. |
||
| 490 | 1 |
_aIts Educational bulletin, _vvol. III, no. 6 |
|
| 650 | 0 |
_aEducation _xCurricula _zKentucky. |
|
| 650 | 0 | _aEducation. | |
| 830 | 0 |
_aEducational bulletin (Frankfort, Ky.) ; _vvol. III, no. 6. |
|
| 999 |
_c21443 _d21443 |
||